| 000 | 00704nam a2200217 a 4500 | ||
|---|---|---|---|
| 001 | 14397 | ||
| 003 | BD-JhCC | ||
| 005 | 20250909085543.0 | ||
| 008 | 250909b 2016nyu |||| ||a| 001 0 eng d | ||
| 020 | _a 9780553418811 | ||
| 035 | _a(BD-JhCC)14397 | ||
| 040 |
_aBD-JhCC _dBD-JhCC |
||
| 041 | _aenglish | ||
| 082 |
_a324.0285 _bNEI 2016 |
||
| 100 | _aO'Neil ,Cathy | ||
| 245 |
_a Weapons of math destruction : _bhow big data increases inequality and threatens democracy / _cCathy O'Neil. |
||
| 260 |
_aLondon: _bCrown; _c2016. |
||
| 300 |
_a x, 259 p. : _c 22 cm |
||
| 650 |
_aBUSINESS & ECONOMICS Statistics _xBig data Political aspects _yBig data Political aspects United States |
||
| 942 |
_2ddc _cBK |
||
| 999 |
_c14397 _d14397 |
||